<?xml version="1.0" encoding="UTF-8"?>
<record
    xmlns:xsi="http://www.w3.org/2001/XMLSchema-instance"
    xsi:schemaLocation="http://www.loc.gov/MARC21/slim http://www.loc.gov/standards/marcxml/schema/MARC21slim.xsd"
    xmlns="http://www.loc.gov/MARC21/slim">

  <leader>01646cam a22003135a 4500</leader>
  <controlfield tag="001">17599712</controlfield>
  <controlfield tag="005">20151013102541.0</controlfield>
  <controlfield tag="006">a||||f ||z  00| 0 </controlfield>
  <controlfield tag="008">130123r20142013enkado fr     001 0 eng d</controlfield>
  <datafield tag="020" ind1=" " ind2=" ">
    <subfield code="a">9780470686829 (hbk.)</subfield>
  </datafield>
  <datafield tag="020" ind1=" " ind2=" ">
    <subfield code="z">9781118537688 (ebk.)</subfield>
  </datafield>
  <datafield tag="020" ind1=" " ind2=" ">
    <subfield code="z">9781118537695 (ebk.)</subfield>
  </datafield>
  <datafield tag="020" ind1=" " ind2=" ">
    <subfield code="z">9781118537701 (ebk.)</subfield>
  </datafield>
  <datafield tag="040" ind1=" " ind2=" ">
    <subfield code="a">DLC</subfield>
    <subfield code="b">eng</subfield>
    <subfield code="c">DLC</subfield>
    <subfield code="d">EG-ScBUE</subfield>
  </datafield>
  <datafield tag="082" ind1="0" ind2="4">
    <subfield code="a">665.50285554</subfield>
    <subfield code="b">KAS</subfield>
    <subfield code="2">22</subfield>
  </datafield>
  <datafield tag="100" ind1="1" ind2=" ">
    <subfield code="a">Kasriel, Ken,</subfield>
    <subfield code="d">1965-</subfield>
    <subfield code="9">38403</subfield>
  </datafield>
  <datafield tag="245" ind1="1" ind2="0">
    <subfield code="a">Upstream petroleum fiscal and valuation modeling in Excel :</subfield>
    <subfield code="b">a worked examples approach /</subfield>
    <subfield code="c">Ken Kasriel, David Wood.</subfield>
  </datafield>
  <datafield tag="260" ind1=" " ind2=" ">
    <subfield code="a">West Sussex :</subfield>
    <subfield code="b">John Wiley &amp; Sons Ltd.,</subfield>
    <subfield code="c">2014.</subfield>
  </datafield>
  <datafield tag="300" ind1=" " ind2=" ">
    <subfield code="a">xv, 353 p. :</subfield>
    <subfield code="b">charts, photographs, tables ;</subfield>
    <subfield code="c">26 cm. +</subfield>
    <subfield code="e">1 CD-Rom (4 3/4 in.)</subfield>
  </datafield>
  <datafield tag="500" ind1=" " ind2=" ">
    <subfield code="a">Index : p. 345-353.
</subfield>
  </datafield>
  <datafield tag="500" ind1=" " ind2=" ">
    <subfield code="a">Reprinted of 2013 ed.</subfield>
  </datafield>
  <datafield tag="505" ind1="0" ind2=" ">
    <subfield code="a">Introduction -- Introduction to tax and royalty regimes -- Tax consolidation and incremental value -- Royalties -- Bonuses -- Abandonment -- Introduction to production sharing contract-based fiscal regimes -- More realistic psc modeling -- Psc regime variations -- Appendices (available on disk) -- Appendix I: Depreciation -- Appendix II: Tax loss carrybacks -- Appendix III: Time-limited tax loss carryforwards -- Appendix IV: Knowing when to quit an alternative economic limit test method -- Appendix V: Intoduction to probability and crystal ball (on disk) -- Index.</subfield>
  </datafield>
  <datafield tag="630" ind1="0" ind2="7">
    <subfield code="a">Microsoft Excel (Computer file)</subfield>
    <subfield code="2">BUEsh</subfield>
    <subfield code="9">4503</subfield>
  </datafield>
  <datafield tag="650" ind1=" " ind2="0">
    <subfield code="a">Petroleum industry and trade</subfield>
    <subfield code="x">Valuation.</subfield>
    <subfield code="2">BUEsh</subfield>
  </datafield>
  <datafield tag="651" ind1=" " ind2=" ">
    <subfield code="2">BUEsh</subfield>
  </datafield>
  <datafield tag="653" ind1=" " ind2=" ">
    <subfield code="b">ENGPET</subfield>
    <subfield code="c">August2015</subfield>
  </datafield>
  <datafield tag="700" ind1="1" ind2=" ">
    <subfield code="a">Wood, David,</subfield>
    <subfield code="d">1963-</subfield>
  </datafield>
  <datafield tag="942" ind1=" " ind2=" ">
    <subfield code="2">ddc</subfield>
  </datafield>
  <datafield tag="999" ind1=" " ind2=" ">
    <subfield code="c">20689</subfield>
    <subfield code="d">20661</subfield>
  </datafield>
  <datafield tag="952" ind1=" " ind2=" ">
    <subfield code="0">0</subfield>
    <subfield code="1">0</subfield>
    <subfield code="2">ddc</subfield>
    <subfield code="4">0</subfield>
    <subfield code="7">0</subfield>
    <subfield code="8">Baccah</subfield>
    <subfield code="a">MAIN</subfield>
    <subfield code="b">MAIN</subfield>
    <subfield code="c">1ST</subfield>
    <subfield code="d">2015-08-24</subfield>
    <subfield code="e">purchase</subfield>
    <subfield code="g">931.00</subfield>
    <subfield code="h">23317</subfield>
    <subfield code="l">0</subfield>
    <subfield code="o">665.50285554 KAS</subfield>
    <subfield code="p">000030720</subfield>
    <subfield code="r">2025-07-15 00:00:00</subfield>
    <subfield code="v">1164.00</subfield>
    <subfield code="y">BB</subfield>
  </datafield>
  <datafield tag="952" ind1=" " ind2=" ">
    <subfield code="0">0</subfield>
    <subfield code="1">0</subfield>
    <subfield code="2">ddc</subfield>
    <subfield code="4">0</subfield>
    <subfield code="7">0</subfield>
    <subfield code="8">Baccah</subfield>
    <subfield code="a">MAIN</subfield>
    <subfield code="b">MAIN</subfield>
    <subfield code="c">1ST</subfield>
    <subfield code="d">2015-08-24</subfield>
    <subfield code="e">purchase</subfield>
    <subfield code="g">931.00</subfield>
    <subfield code="h">23317</subfield>
    <subfield code="l">0</subfield>
    <subfield code="o">665.50285554 KAS</subfield>
    <subfield code="p">000030721</subfield>
    <subfield code="r">2022-08-24 00:00:00</subfield>
    <subfield code="v">1164.00</subfield>
    <subfield code="y">CDVDWBB</subfield>
  </datafield>
</record>
